Harmonizácia rodiny a zamestnania v podmienkach SR bakalárska práca

Gespeichert in:
Bibliographische Detailangaben
1. Verfasser: Strunga, František, 1974-
Körperschaft: Národohospodárska fakulta EU. Katedra sociálneho rozvoja a práce
Weitere Verfasser: Ošková, Silvia, 1979-
Format: Buch
Sprache:Slowakisch
Veröffentlicht: Bratislava 2011
Tags: Tag hinzufügen
Keine Tags, Fügen Sie das erste Tag hinzu!

MARC

LEADER 00000nbm a2200000 4500
001 0139628
005 20161109111634.8
041 0 |a slo 
044 |a SK 
245 1 0 |a Harmonizácia rodiny a zamestnania v podmienkach SR  |b bakalárska práca  |c František Strunga ; školiteľ: Silvia Ošková 
264 1 |a Bratislava  |c 2011 
300 |a 43 s. 
100 1 |a Strunga, František, 1974- 
700 1 |a Ošková, Silvia, 1979- 
710 2 |a Národohospodárska fakulta EU. Katedra sociálneho rozvoja a práce